[Event "FSV Grossenseebach - SV GA Ruedersdorf"]
[Site "Dittrichshuette"]
[Date "2004.12.28"]
[Round "3.1"]
[White "Fruebing, Stefan"]
[Black "Kirch, Daniel"]
[Result "1-0"]
[WhiteElo "2127"]
[BlackElo "1816"]
[PlyCount "57"]
[EventDate "2004.??.??"]

1. d4 g6 2. e4 Bg7 3. Nc3 d6 4. Be3 a6 5. Qd2 Nd7 6. f3 h6 7. O-O-O e6 8. Kb1
Ne7 9. g4 b5 10. h4 Rb8 11. Nh3 Nf6 12. Nf2 b4 13. Ne2 Bb7 14. Nc1 Nc6 15. Be2
Qc8 16. g5 hxg5 17. hxg5 Nh5 18. f4 Ng3 19. Rxh8+ Bxh8 20. Bf3 e5 21. fxe5 dxe5
22. d5 Nd4 23. Bxd4 exd4 24. Qf4 Nh5 25. Bxh5 gxh5 26. Rh1 Qd8 27. Rxh5 Ke7 28.
Rxh8 Qxh8 29. Qxc7+ 1-0

[Event "FSV Grossenseebach - SV GA Ruedersdorf"]
[Site "Dittrichshuette"]
[Date "2004.12.28"]
[Round "3.2"]
[White "Seyb, Alexander"]
[Black "Becker, Nils"]
[Result "1-0"]
[WhiteElo "2018"]
[BlackElo "2030"]
[PlyCount "59"]
[EventDate "2004.??.??"]

1. e4 c5 2. Nf3 Nc6 3. d4 cxd4 4. Nxd4 g6 5. Nc3 Bg7 6. Be3 Nf6 7. Bc4 O-O 8.
Bb3 d6 9. f3 Bd7 10. Qd2 Rc8 11. O-O-O Ne5 12. Kb1 Nc4 13. Bxc4 Rxc4 14. g4 Qb8
15. Nde2 b5 16. Bh6 b4 17. Nd5 Nxd5 18. exd5 Rfc8 19. Bxg7 Kxg7 20. Rc1 e5 21.
dxe6 Bxe6 22. h4 h6 23. h5 g5 24. f4 f6 25. Nd4 Bxg4 26. Qd3 Rxd4 27. Qg6+ Kf8
28. Qxf6+ Ke8 29. Qxd4 gxf4 30. Qxf4 1-0

[Event "FSV Grossenseebach - SV GA Ruedersdorf"]
[Site "Dittrichshuette"]
[Date "2004.12.28"]
[Round "3.3"]
[White "Beisser, Jacob"]
[Black "Borel, Markus"]
[Result "1-0"]
[WhiteElo "1865"]
[BlackElo "1862"]
[PlyCount "62"]
[EventDate "2004.??.??"]

1. d4 g6 2. e4 Bg7 3. Nc3 d6 4. Be3 Nd7 5. Qd2 a6 6. f3 h6 7. O-O-O e6 8. Kb1
Ne7 9. g4 b5 10. h4 b4 11. Nce2 Rb8 12. Nh3 Nf6 13. Nf2 a5 14. Nc1 d5 15. Bg2
Nd7 16. h5 g5 17. f4 f6 18. e5 gxf4 19. exf6 Nxf6 20. Bxf4 Nh7 21. Bxh6 Bxh6
22. Qxh6 Kd7 23. Qd2 Nc6 24. Ncd3 Ng5 25. Nc5+ Ke8 26. h6 Qf6 27. Rh5 Nf7 28.
g5 Qg6 29. Rdh1 Rh7 30. Bf1 Ne7 31. Bd3 Nf5 {Notation nicht nachvollziehbar}
1-0

[Event "FSV Grossenseebach - SV GA Ruedersdorf"]
[Site "Dittrichshuette"]
[Date "2004.12.28"]
[Round "3.4"]
[White "Hofmann, Benjamin"]
[Black "Wapenhans, Alexander"]
[Result "1/2-1/2"]
[WhiteElo "1768"]
[BlackElo "1734"]
[PlyCount "106"]
[EventDate "2004.??.??"]

1. e4 d5 2. exd5 Qxd5 3. Nc3 Qd6 4. d4 Nf6 5. Nf3 a6 6. Bd3 Bg4 7. h3 Bh5 8.
Ne4 Nxe4 9. Bxe4 c6 10. O-O Nd7 11. c3 Nf6 12. Bd3 e6 13. Be2 Be7 14. Ne5 Bxe2
15. Qxe2 Qc7 16. Bf4 Bd6 17. Rae1 O-O 18. Bg3 Rad8 19. Kh1 Nd7 20. Bh4 Rc8 21.
Nc4 Nb6 22. Nxd6 Qxd6 23. Qg4 Kh8 24. Bg3 Qd5 25. b3 Nd7 26. Be5 Nxe5 27. Rxe5
Qd6 28. f4 g6 29. h4 h5 30. Qe2 Qe7 31. Qe1 Qf6 32. Rf3 Rcd8 33. Qf2 Rd5 34. g3
Rfd8 35. Re1 R8d7 36. Qe3 Kg7 37. b4 Qd8 38. Qe2 a5 39. a3 axb4 40. axb4 b6 41.
Qe3 c5 42. dxc5 bxc5 43. b5 Rd3 44. Qe5+ f6 45. Qe2 Qa8 46. Ref1 Kf7 {
Notation nicht nachvollziehbar} 47. c4 Rd2 48. Qe1 Qa2 49. R3f2 Rxf2 50. Rxf2
Qxc4 51. Rb2 Rb7 52. b6 Qd5+ 53. Kh2 Qc6 1/2-1/2

[Event "SC Baden-Oos - SC Leipzig-Gohlis"]
[Site "Dittrichshuette"]
[Date "2004.12.28"]
[Round "3.1"]
[White "Natsidis, Christoph"]
[Black "Beck, Frederik"]
[Result "0-1"]
[WhiteElo "1995"]
[BlackElo "2116"]
[PlyCount "61"]
[EventDate "2004.??.??"]

1. e3 c5 2. f4 g6 3. Nf3 Bg7 4. Be2 Nf6 5. O-O O-O 6. d4 cxd4 7. exd4 d6 8. c3
Re8 9. Na3 Nbd7 10. Nc2 Qc7 11. Kh1 e6 12. Bd3 b6 13. Ne3 Bb7 14. Qc2 e5 15.
fxe5 dxe5 16. Nxe5 Nxe5 17. dxe5 Qxe5 18. Bd2 Rad8 19. Rad1 Ne4 20. Bc1 f5 21.
Nc4 Qe7 22. Bf4 Kh8 23. Bxe4 Bxe4 24. Qe2 Rxd1 25. Rxd1 Qh4 26. Rf1 Bc6 27. Qd2
Bb5 28. Nd6 Bxf1 29. Nxe8 Qg4 30. g3 Qf3+ 31. Kg1 {
Notation nicht nachvollziehbar} 0-1

[Event "SC Baden-Oos - SC Leipzig-Gohlis"]
[Site "Dittrichshuette"]
[Date "2004.12.28"]
[Round "3.2"]
[White "Stiefel, Michael"]
[Black "Dueck, Stefan"]
[Result "1-0"]
[WhiteElo "1945"]
[BlackElo "1885"]
[PlyCount "97"]
[EventDate "2004.??.??"]

1. e4 e6 2. d4 d5 3. e5 c5 4. c3 Nc6 5. Nf3 Qb6 6. a3 c4 7. Nbd2 f6 8. Be2 fxe5
9. Nxe5 Nxe5 10. dxe5 Bc5 11. O-O Bd7 12. a4 Ne7 13. b4 cxb3 14. Nxb3 a6 15.
Nxc5 Qxc5 16. Qd2 Rc8 17. Ba3 Qxc3 18. Qg5 Nc6 19. Bd6 Kf7 20. Bh5+ Kg8 21. Ra3
Qc2 22. Rf3 h6 23. Qg4 g5 24. Rf6 Qe4 25. f4 Nd4 26. h4 Nf5 27. hxg5 Ne3 28.
Bf7+ Kh7 29. Qh3 Qxg2+ 30. Qxg2 Nxg2 31. Kxg2 Rc2+ 32. Rf2 Rxf2+ 33. Kxf2 hxg5
34. fxg5 Bxa4 35. Rh6+ Kg7 36. Rxh8 Kxh8 37. Bf8 Bc2 38. g6 Bxg6 39. Bxg6 Kg8
40. Bh6 a5 41. Ke3 a4 42. Kd4 a3 43. Bb1 Kf7 44. Bc1 a2 45. Bxa2 Kg6 46. Bd2
Kf5 47. Ba5 b6 48. Bb4 Kf4 49. Bd2+ 1-0

[Event "SC Baden-Oos - SC Leipzig-Gohlis"]
[Site "Dittrichshuette"]
[Date "2004.12.28"]
[Round "3.3"]
[White "Ohme, Melanie"]
[Black "Mrinski, Evgenij"]
[Result "1/2-1/2"]
[WhiteElo "1956"]
[BlackElo "1792"]
[PlyCount "124"]
[EventDate "2004.??.??"]

1. e4 e5 2. Bc4 Nf6 3. d3 Nc6 4. Nf3 Be7 5. O-O d6 6. c3 O-O 7. Bb3 Bg4 8. h3
Bh5 9. Nbd2 Qd7 10. Re1 b5 11. Nf1 Na5 12. Bc2 c5 13. Ng3 Bg6 14. Nh4 Nc6 15.
Nhf5 d5 16. Qf3 d4 17. Bg5 Ne8 18. Nxe7+ Nxe7 19. Nf5 f6 20. Bd2 Rc8 21. g4 Bf7
22. Rec1 Nd6 23. Nxg7 Kxg7 24. Bh6+ Kg8 25. Qxf6 Ne8 26. Qg5+ Ng6 27. Bxf8 Kxf8
28. Kh2 Qe7 29. Qxe7+ Kxe7 30. Kg3 Nf4 31. Re1 c4 32. cxd4 cxd3 33. Bd1 d2 34.
Rh1 Rc1 35. Bf3 Nd3 36. Rd1 Rc2 37. dxe5 Nxb2 38. Rh1 Ng7 39. Bd1 Nxd1 40.
Rhxd1 Bxa2 41. f4 Ne6 42. f5 Nd4 43. f6+ Kf7 44. Rf1 b4 45. Kf4 h6 46. Ke3 Nb3
47. e6+ Kf8 48. Rxa2 Rc3+ 49. Kf2 Rc1 50. Rd1 Rxd1 51. Rxa7 Rf1+ 52. Ke3 Rxf6
53. Rd7 Rxe6 54. h4 Nc5 55. Rxd2 Nxe4 56. Rd4 Nf6+ 57. Kf4 b3 58. Rd8+ Kg7 59.
Rb8 Re4+ 60. Kf5 Re7 61. Rxb3 Nxg4 62. Kxg4 Re4+ {
Notation nicht nachvollziehbar} 1/2-1/2

[Event "SC Baden-Oos - SC Leipzig-Gohlis"]
[Site "Dittrichshuette"]
[Date "2004.12.28"]
[Round "3.4"]
[White "Goergen, Barbara"]
[Black "Haense, Felix"]
[Result "0-1"]
[WhiteElo "1740"]
[BlackElo "1688"]
[PlyCount "56"]
[EventDate "2004.??.??"]

1. e4 d6 2. d4 Nf6 3. Nc3 g6 4. Nf3 Bg7 5. Be2 O-O 6. O-O Nc6 7. h3 e5 8. Be3
Qe7 9. dxe5 Nxe5 10. Nxe5 dxe5 11. Bc4 c6 12. Qe2 b5 13. Bd3 a6 14. f4 exf4 15.
Bxf4 Nh5 16. Bh2 Qg5 17. Qf3 Bd4+ 18. Kh1 Be5 19. Bxe5 Qxe5 20. Ne2 c5 21. c3
Bb7 22. Rae1 Rad8 23. Bb1 f5 24. Qf2 fxe4 25. Qh4 Rxf1+ 26. Rxf1 Rd2 27. b3 Kg7
28. Re1 Rxe2 0-1

[Event "USG Chemmnitz - SG Duisburg Nord"]
[Site "Dittrichshuette"]
[Date "2004.12.28"]
[Round "3.1"]
[White "Tereick, Benjamin"]
[Black "Schaetz, Christopher"]
[Result "1-0"]
[WhiteElo "2084"]
[BlackElo "1582"]
[PlyCount "53"]
[EventDate "2004.??.??"]

1. c4 d6 2. d4 Nf6 3. Nc3 g6 4. e4 Bg7 5. Nf3 O-O 6. Be2 Na6 7. Be3 c5 8. d5
Nc7 9. O-O e6 10. h3 Qe7 11. e5 Nd7 12. exd6 Qxd6 13. dxe6 Qxe6 14. Re1 b6 15.
Bf4 Qc6 16. Qd6 Qxd6 17. Bxd6 Ne6 18. Bxf8 Kxf8 19. Rad1 Nf6 20. Ne5 Nd4 21.
Nb5 Ne8 22. Nxd4 cxd4 23. Bf3 Rb8 24. Nc6 Rb7 25. Nxd4 Rc7 26. Nb5 Rxc4 27.
Rxe8+ 1-0

[Event "USG Chemmnitz - SG Duisburg Nord"]
[Site "Dittrichshuette"]
[Date "2004.12.28"]
[Round "3.2"]
[White "Eidner, Falk"]
[Black "Liedmann, Dennis"]
[Result "0-1"]
[WhiteElo "1720"]
[BlackElo "1845"]
[PlyCount "54"]
[EventDate "2004.??.??"]

1. e4 d6 2. d4 g6 3. Nc3 Bg7 4. Nf3 Nf6 5. Be2 O-O 6. h3 Nbd7 7. e5 Ne8 8. Be3
c6 9. Qd2 Qa5 10. exd6 Nxd6 11. Bh6 Bxh6 12. Qxh6 Qb4 13. O-O-O b5 14. Ng5 Nf6
15. g4 Rb8 16. Rd3 Rd8 17. a3 Qa5 18. Rf3 Nde8 19. Nce4 Qc7 20. c3 c5 21. Bd3
Bb7 22. Rxf6 exf6 23. Qxh7+ Kf8 24. Re1 fxg5 25. Nd6 Nf6 26. Qh6+ Kg8 27. h4
Qxd6 0-1

[Event "USG Chemmnitz - SG Duisburg Nord"]
[Site "Dittrichshuette"]
[Date "2004.12.28"]
[Round "3.3"]
[White "Schinske, Eric"]
[Black "Bruesch, Robert"]
[Result "1/2-1/2"]
[WhiteElo "1694"]
[BlackElo "1625"]
[PlyCount "68"]
[EventDate "2004.??.??"]

1. d4 d5 2. c4 e6 3. Nc3 Nf6 4. Bg5 Be7 5. Nf3 c6 6. e3 h6 7. Bh4 Nbd7 8. Bd3
O-O 9. cxd5 Nxd5 10. Bxe7 Qxe7 11. O-O Nxc3 12. bxc3 e5 13. Qc2 Re8 14. Nd2 Nf6
15. f3 exd4 16. exd4 Be6 17. Rfe1 Qc7 18. Ne4 Nd5 19. Nc5 Nf4 20. Nxe6 Nxe6 21.
Bc4 Qd6 22. Qb3 b6 23. Bxe6 Rxe6 24. Rxe6 Qxe6 25. Qxe6 fxe6 26. Kf2 Rd8 27.
Re1 Kf7 28. Ke3 Rd5 29. g4 e5 30. h4 exd4+ 31. cxd4 Ra5 32. Re2 Ra3+ 33. Ke4
Ra4 34. Ke5 Ke7 1/2-1/2

[Event "USG Chemmnitz - SG Duisburg Nord"]
[Site "Dittrichshuette"]
[Date "2004.12.28"]
[Round "3.4"]
[White "Klebanov, Andrej"]
[Black "Palenta, Adam"]
[Result "1-0"]
[WhiteElo "1598"]
[BlackElo "1608"]
[PlyCount "35"]
[EventDate "2004.??.??"]

1. d4 d5 2. c4 Nf6 3. Nc3 c6 4. cxd5 cxd5 5. Nf3 e6 6. Bg5 Be7 7. e3 Bd7 8. Bd3
h6 9. Bh4 Nc6 10. a3 a6 11. O-O O-O 12. Bc2 Ne4 13. Bxe7 Nxc3 14. Qd3 Ne4 15.
Bxd8 Rfxd8 16. Qb3 Rab8 17. Bxe4 dxe4 18. Nd2 1-0

[Event "Blau-Weiss Stadtilm - TSV Schott Mainz"]
[Site "Dittrichshuette"]
[Date "2004.12.28"]
[Round "3.1"]
[White "Armbrust, Florian"]
[Black "Siebarth, Raiko"]
[Result "1/2-1/2"]
[WhiteElo "2184"]
[BlackElo "2100"]
[PlyCount "110"]
[EventDate "2004.??.??"]

1. c4 Nf6 2. g3 g6 3. Bg2 Bg7 4. Nc3 O-O 5. e3 d6 6. Nge2 e5 7. O-O c6 8. d4
exd4 9. exd4 Na6 10. Qb3 Nc7 11. Bf4 Ne6 12. Bd2 Qc7 13. Qa3 Bd7 14. d5 Nc5 15.
b4 Nd3 16. Qb3 a5 17. bxa5 Nc5 18. Qb6 Qxb6 19. axb6 Ra6 20. Bf4 Ne8 21. dxc6
bxc6 22. Rab1 Nb7 23. Rfd1 h6 24. c5 d5 25. Nxd5 cxd5 26. Bxd5 Nxc5 27. b7 Nxb7
28. Bxb7 Rxa2 29. Nc1 Be6 30. Nxa2 Bxa2 31. Rb6 g5 32. Bb8 Nf6 33. Be5 Ng4 34.
Bxg7 Kxg7 35. Rd4 Ne5 36. Rb2 Be6 37. Re2 Rb8 38. Rxe5 Rxb7 39. Kg2 Rb2 40. Rc5
Kf6 41. g4 Ra2 42. Kg3 Kg6 43. f3 Ra3 44. Rd2 Rb3 45. Rf2 Rd3 46. h4 Bd5 47.
h5+ Kf6 48. Rb5 Ke5 49. Rb6 Be6 50. Re2+ Kf6 51. Kf2 Ra3 52. Re3 Ra2+ 53. Kg3
Kg7 54. f4 gxf4+ 55. Kxf4 Ra4+ 1/2-1/2

[Event "Blau-Weiss Stadtilm - TSV Schott Mainz"]
[Site "Dittrichshuette"]
[Date "2004.12.28"]
[Round "3.2"]
[White "Schneider, Christian"]
[Black "Fragin, Ilja"]
[Result "1-0"]
[WhiteElo "1833"]
[BlackElo "1853"]
[PlyCount "79"]
[EventDate "2004.??.??"]

1. d4 Nf6 2. c4 c5 3. d5 b5 4. cxb5 a6 5. bxa6 g6 6. Nc3 Bxa6 7. e4 Bxf1 8.
Kxf1 d6 9. g3 Bg7 10. Kg2 O-O 11. f4 Nbd7 12. Nf3 Qb6 13. Re1 c4 14. Qe2 Qb4
15. a3 Qc5 16. Be3 Qc7 17. Nd2 Rfc8 18. a4 Nc5 19. Nb5 Qb7 20. Bxc5 Rxc5 21.
Nxc4 Rac8 $11 22. b3 Nxd5 23. exd5 Qxd5+ 24. Qf3 Qxf3+ 25. Kxf3 Bxa1 26. Rxa1
d5 27. Nca3 f6 28. Re1 Kf7 29. b4 Rc1 30. Rxc1 Rxc1 31. a5 Rc6 32. Nb1 e5 33.
fxe5 fxe5 34. Nd2 Ke6 35. Nb3 Kd7 36. Nc5+ Kd8 37. a6 Rf6+ 38. Ke2 Ke7 39. a7
Rf8 40. Nc7 1-0

[Event "Blau-Weiss Stadtilm - TSV Schott Mainz"]
[Site "Dittrichshuette"]
[Date "2004.12.28"]
[Round "3.3"]
[White "Khalat, David"]
[Black "Berner, Stephan"]
[Result "0-1"]
[WhiteElo "1637"]
[BlackElo "1669"]
[PlyCount "130"]
[EventDate "2004.??.??"]

1. e4 c6 2. d4 d5 3. exd5 cxd5 4. c4 e6 5. Nf3 Nf6 6. Nc3 Nc6 7. Bd3 dxc4 8.
Bxc4 a6 9. O-O Be7 10. Be3 b5 11. Bd3 Bb7 12. Ne4 Nb4 13. Nxf6+ Bxf6 14. Be2
O-O 15. a3 Nd5 16. Rc1 Rc8 17. Qd2 Qe7 18. Bg5 Bxg5 19. Qxg5 Qxg5 20. Nxg5 Nf4
21. Bf3 Rxc1 22. Rxc1 Bxf3 23. Rc2 Bxg2 24. f3 Nh3+ 25. Kxg2 Nxg5 26. h4 Nxf3
27. Kxf3 g6 28. Rc5 Kg7 29. h5 Rd8 30. Ke4 Kf6 31. hxg6 hxg6 32. Rc6 Ra8 33. d5
g5 34. d6 Ra7 35. Rc7 Ra8 36. Rc6 g4 37. Kf4 e5+ 38. Kxg4 Ke6 39. Kf3 Ra7 40.
Ke3 Rd7 41. Rxa6 Rxd6 42. Ra5 Rb6 43. Ra8 Rb7 44. Re8+ Kf5 45. Rh8 f6 46. Rh1
Rg7 47. Rf1+ Ke6 48. Ra1 Rg3+ 49. Kf2 Rb3 50. Rb1 e4 51. Ke2 Ke5 52. Kd2 f5 53.
Kc2 Rf3 54. Re1 Kf4 55. b3 Rf2+ 56. Kc3 e3 57. Kd3 Rd2+ 58. Kc3 Kf3 59. a4 bxa4
60. bxa4 Kf2 61. Ra1 Rd8 62. a5 e2 63. Ra2 Kf1 64. Ra1+ e1=Q+ 65. Rxe1+ Kxe1
0-1

[Event "Blau-Weiss Stadtilm - TSV Schott Mainz"]
[Site "Dittrichshuette"]
[Date "2004.12.28"]
[Round "3.4"]
[White "Hoffmann, Lena"]
[Black "Katte, Nicolas"]
[Result "1/2-1/2"]
[WhiteElo "1664"]
[BlackElo "1663"]
[PlyCount "79"]
[EventDate "2004.??.??"]

1. Nc3 Nf6 2. e4 d6 3. d4 g6 4. Be3 c6 5. Be2 b5 6. a3 Nbd7 7. h3 Qc7 8. Nf3 {0
} a6 9. O-O Bg7 10. Qd2 Nb6 11. Nh2 Rb8 12. f4 Na4 13. e5 Nxc3 14. Qxc3 Ne4 15.
Qe1 d5 16. Bd3 Be6 17. Bc1 Qb6 18. c3 Rg8 19. Bxe4 dxe4 20. Qxe4 Bd5 21. Qe1 h5
22. Be3 Bh6 23. Nf3 f6 24. Qh4 Kd7 25. exf6 exf6 26. Qxf6 Bxf3 27. Rxf3 Rbf8
28. Qh4 Qc7 29. f5 Bxe3+ 30. Rxe3 Kc8 31. Qe4 gxf5 32. Qe6+ Kd8 33. Re5 f4 34.
Kf2 Re8 35. Qf6+ Kc8 36. Rxe8+ Rxe8 37. Qf5+ Kb7 38. Qxh5 Qe7 39. Qf3 Qh4+ 40.
Kf1 1/2-1/2

[Event "SK Kelheim - Hamburger SK"]
[Site "Dittrichshuette"]
[Date "2004.12.28"]
[Round "3.1"]
[White "Bracker, Frank"]
[Black "Schiller, Stefan"]
[Result "1-0"]
[WhiteElo "1905"]
[BlackElo "1819"]
[PlyCount "49"]
[EventDate "2004.??.??"]

1. e4 c5 2. Nf3 d6 3. d4 cxd4 4. Nxd4 Nf6 5. Nc3 g6 6. Be3 Bg7 7. f3 O-O 8. Qd2
Nc6 9. Bc4 Bd7 10. O-O-O Rc8 11. Bb3 Ne5 12. h4 h5 13. Bg5 Rc5 14. g4 hxg4 15.
f4 Nc4 16. Qd3 b5 17. Bxf6 Bxf6 18. e5 dxe5 19. Ndxb5 Nxb2 20. Kxb2 Qa5 21.
Qxg6+ Bg7 22. Rxd7 e4 23. Rxa7 Qb4 24. Qxg7+ Kxg7 25. a3 1-0

[Event "SK Kelheim - Hamburger SK"]
[Site "Dittrichshuette"]
[Date "2004.12.28"]
[Round "3.2"]
[White "Fuhrmann, Max"]
[Black "Mueller, Philipp"]
[Result "1/2-1/2"]
[WhiteElo "1768"]
[BlackElo "1825"]
[PlyCount "123"]
[EventDate "2004.??.??"]

1. e4 c5 2. Nf3 e6 3. d4 cxd4 4. Nxd4 a6 5. Nc3 b5 6. a3 d6 7. Be2 Nf6 8. f4
Bb7 9. Bf3 Nbd7 10. O-O Be7 11. Qe2 Qc7 12. Be3 Nc5 13. Bf2 O-O 14. g4 d5 15.
e5 Nfe4 16. Bxe4 Nxe4 17. Nxe4 dxe4 18. c3 Bd5 19. Qe3 f6 20. Bg3 fxe5 21. fxe5
Bc5 22. Rxf8+ Rxf8 23. Rf1 Rf3 24. Rxf3 exf3 25. Bf2 Qf7 26. b4 Ba7 27. h3 Qg6
28. Kh2 h5 29. Kg3 hxg4 30. hxg4 Qb1 31. Qg5 Bb6 32. Qe7 Qg6 33. Be3 f2 34.
Kxf2 Qxg4 35. Qg5 Qxg5 36. Bxg5 Kf7 37. Ke3 Kg6 38. Kf4 Bc7 39. Be7 Kh5 40. Ne2
Kg6 41. Nd4 Kh5 42. Ne2 Bb6 43. Nd4 Ba7 44. Bd8 Kg6 45. Be7 Kf7 46. Bd8 Ke8 47.
Bh4 Bb6 48. Bg5 Bd8 49. Bxd8 Kxd8 50. Kg5 Ke7 51. Kg6 Kf8 52. Ne2 Be4+ 53. Kg5
Kf7 54. Nc1 Bc2 55. Ne2 Ke7 56. Nd4 Be4 57. Nb3 Bb7 58. Nd4 Bc8 59. Kg6 Kf8 60.
a4 Kg8 61. a5 Kf8 62. Kh5 1/2-1/2

[Event "SK Kelheim - Hamburger SK"]
[Site "Dittrichshuette"]
[Date "2004.12.28"]
[Round "3.3"]
[White "Bracker, Arne"]
[Black "Eibl, Maximilian"]
[Result "1-0"]
[WhiteElo "1761"]
[BlackElo "1780"]
[PlyCount "51"]
[EventDate "2004.??.??"]

1. d4 Nf6 2. c4 e6 3. Nc3 c5 4. d5 exd5 5. cxd5 d6 6. e4 g6 7. h3 Bg7 8. Nf3
O-O 9. Bf4 Re8 10. Nd2 Na6 11. Be2 Nc7 12. a4 b6 13. O-O Ba6 14. Bxa6 Nxa6 15.
Re1 Qe7 16. Nc4 Red8 17. Bxd6 Qb7 18. Bh2 Ne8 19. Qf3 Nb4 20. Re2 a6 21. a5 b5
22. Nb6 Ra7 23. e5 Nc7 24. Ne4 Ncxd5 25. Rd1 c4 26. Nc3 1-0

[Event "SK Kelheim - Hamburger SK"]
[Site "Dittrichshuette"]
[Date "2004.12.28"]
[Round "3.4"]
[White "Braeutigam, Markus"]
[Black "Salenko, Vadym"]
[Result "0-1"]
[WhiteElo "1581"]
[BlackElo "1786"]
[PlyCount "89"]
[EventDate "2004.??.??"]

1. c4 e5 2. Nc3 Nc6 3. g3 f5 4. d3 Nf6 5. Bg2 Bb4 6. e3 O-O 7. Nge2 d6 8. O-O
Ne7 9. a3 Bxc3 10. Nxc3 c6 11. b4 Rb8 12. Bb2 Ng6 13. f4 Qe7 14. Qc2 Re8 15.
fxe5 Nxe5 16. Rae1 Bd7 17. e4 fxe4 18. Nxe4 Nxe4 19. Bxe4 Qg5 20. d4 Ng6 21.
Bc1 Qg4 22. Qd3 Qh5 23. Bf4 Bh3 24. Rf2 Rbd8 25. Rfe2 Nxf4 26. gxf4 g6 27. c5
dxc5 28. bxc5 Kf8 29. Kh1 Bf5 30. Bxf5 Qxf5 31. Qd2 Qd5+ 32. Kg1 Rxe2 33. Qxe2
Qxd4+ 34. Kh1 Qd5+ 35. Kg1 Qxc5+ 36. Kf1 Qb5 37. Qxb5 cxb5 38. Rb1 Rd4 39. Rxb5
Rxf4+ 40. Ke2 b6 41. Rd5 Ke7 42. Ke3 Rh4 43. Rd2 Ra4 44. Rd3 Rh4 45. Rd2 0-1

[Event "SF Berghofen-Wambel - Sfr. Neuberg"]
[Site "Dittrichshuette"]
[Date "2004.12.28"]
[Round "3.1"]
[White "Knickel, Aaron"]
[Black "Babczyk, Adrian"]
[Result "0-1"]
[WhiteElo "1931"]
[BlackElo "1940"]
[PlyCount "112"]
[EventDate "2004.??.??"]

1. e4 c5 2. Nf3 d6 3. d4 cxd4 4. Nxd4 Nf6 5. Nc3 e6 6. Be2 a6 7. a4 Be7 8. O-O
O-O 9. Be3 Nc6 10. Nb3 Re8 11. f4 d5 12. e5 Nd7 13. a5 Bb4 14. Ra4 Rb8 15. Ba7
Nxa7 16. Rxb4 Qe7 17. Ra4 Nc5 18. Nxc5 Qxc5+ 19. Qd4 Qxd4+ 20. Rxd4 Nc6 21. Ra4
Bd7 22. Raa1 Nb4 23. Bd3 Rbc8 24. Rf2 Rc5 25. Rd2 Rec8 26. Be2 h6 27. Kf2 Kf8
28. Ke3 Ke7 29. Kd4 Rxa5 30. Rxa5 Nc6+ 31. Ke3 Nxa5 32. Rd4 Nc6 33. Rd1 d4+ 34.
Rxd4 Nxd4 35. Kxd4 Bc6 36. g3 Rd8+ 37. Ke3 b5 38. b4 Bd5 39. Nd1 Rc8 40. Kd2
Bc4 41. Bf3 Rc7 42. Nf2 a5 43. bxa5 Ra7 44. Nd1 Rxa5 45. Ne3 Ra3 46. Bd1 Bd5
47. Be2 b4 48. Bd1 b3 49. Nxd5+ exd5 50. cxb3 f6 51. exf6+ gxf6 52. b4 Kd6 53.
Be2 Rb3 54. b5 Kc5 55. Kc2 Rb4 56. Kd2 Kd4 0-1

[Event "SF Berghofen-Wambel - Sfr. Neuberg"]
[Site "Dittrichshuette"]
[Date "2004.12.28"]
[Round "3.2"]
[White "Strathoff, Martin"]
[Black "Weber, Max"]
[Result "1/2-1/2"]
[WhiteElo "1937"]
[BlackElo "1877"]
[PlyCount "43"]
[EventDate "2004.??.??"]

1. d4 Nf6 2. Nf3 d6 3. c4 Nbd7 4. Nc3 e5 5. e4 g6 6. Be2 Bg7 7. dxe5 dxe5 8.
O-O O-O 9. Rb1 Nh5 10. b4 c6 11. c5 b5 12. Qd6 Qf6 13. Qc7 Nb8 14. Rd1 a6 15.
Qa5 Nf4 16. Rd6 Nxe2+ 17. Nxe2 Qe7 18. Rxc6 Qd8 19. Qxd8 Rxd8 20. Nc3 Bb7 21.
Rd6 Rxd6 22. cxd6 {Notation nicht nachvollziehbar} 1/2-1/2

[Event "SF Berghofen-Wambel - Sfr. Neuberg"]
[Site "Dittrichshuette"]
[Date "2004.12.28"]
[Round "3.3"]
[White "Seifert, Christopher"]
[Black "Tkachuk, Konstantyn"]
[Result "0-1"]
[WhiteElo "1849"]
[BlackElo "1834"]
[PlyCount "90"]
[EventDate "2004.??.??"]

1. e4 e5 2. Nf3 Nc6 3. d4 exd4 4. Nxd4 Bc5 5. Nxc6 Qf6 6. Qd2 Qxc6 7. Nc3 a6 8.
Bd3 d6 9. a4 Qd7 10. O-O Ne7 11. Kh1 O-O 12. Qe2 f5 13. f4 Kh8 14. Be3 Bxe3 15.
Qxe3 d5 16. exd5 Nxd5 17. Nxd5 Qxd5 18. Rad1 Qc6 19. Rfe1 Qxa4 20. Qc5 Bd7 21.
Qxc7 Qc6 22. Qa5 Be6 23. Rd2 Bd5 24. Rde2 Rad8 25. Kg1 Kg8 26. Qb4 g6 27. Qe7
Rd7 28. Qb4 Bf7 29. Re7 Rfd8 30. b3 Qc7 31. g3 b5 32. R7e5 Qb7 33. Qc3 Rd5 34.
Re7 Qb6+ 35. Kf1 Rc5 36. Qb2 Qc6 37. Kg1 Rxd3 38. cxd3 Rc2 39. Re8+ Bxe8 40.
Rxe8+ Kf7 41. Rf8+ Kxf8 42. Qh8+ Kf7 43. Qxh7+ Kf6 44. Qh8+ Ke6 45. Qg8+ Kd7
0-1

[Event "SF Berghofen-Wambel - Sfr. Neuberg"]
[Site "Dittrichshuette"]
[Date "2004.12.28"]
[Round "3.4"]
[White "Wilms, Christoph"]
[Black "Iwanziw, Niklas"]
[Result "1-0"]
[WhiteElo "1430"]
[BlackElo "1396"]
[PlyCount "79"]
[EventDate "2004.??.??"]

1. d4 d5 2. c4 e6 3. Nc3 Nf6 4. Bg5 Nbd7 5. Nf3 c6 6. e3 Qa5 7. Nd2 Bb4 8. Qc2
O-O 9. cxd5 exd5 10. Bd3 Re8 11. O-O h6 12. Bh4 Bd6 13. a3 Qc7 14. Nf3 b6 15.
Rac1 Bb7 16. Nb5 Qb8 17. Nxd6 Qxd6 18. Bg3 Qe7 19. Ne5 Ne4 20. Nxc6 Bxc6 21.
Qxc6 Ndf6 22. Bh4 Rac8 23. Bxf6 Nxf6 24. Qxc8 Rxc8 25. Rxc8+ Ne8 26. Bb5 Kh7
27. Rxe8 Qd6 28. Rc1 Qg6 29. h3 a5 30. Re5 Qd6 31. Rc6 Qd8 32. Re8 Qxe8 33.
Rxh6+ Kxh6 34. Bxe8 Kg6 35. Bc6 Kf6 36. Bxd5 Ke7 37. Bxf7 Kxf7 38. d5 Ke7 39.
e4 Kd6 40. Kh2 1-0

[Event "SF Brackel - SC Kreuzberg"]
[Site "Dittrichshuette"]
[Date "2004.12.28"]
[Round "3.1"]
[White "Figura, Atila Gajo"]
[Black "Luft, Dennis"]
[Result "1-0"]
[WhiteElo "2222"]
[BlackElo "1826"]
[PlyCount "56"]
[EventDate "2004.??.??"]

1. d4 d5 2. c4 c6 3. Nc3 e5 4. e3 exd4 5. exd4 Nf6 6. Nf3 dxc4 7. Bxc4 Be7 8.
O-O O-O 9. h3 h6 10. Qc2 Nbd7 11. Re1 Nb6 12. Bb3 Bb4 13. a3 Bd6 14. Ne5 Bxe5
15. dxe5 Nfd5 16. Nxd5 Nxd5 17. Qe4 Be6 18. Bc2 f5 19. exf6 Rxf6 20. Qh7+ Kf7
21. b3 Qg8 22. Qxg8+ Rxg8 23. Bb2 Ke7 24. Bxf6+ Kxf6 25. Rad1 Re8 26. Rd3 g6
27. Rf3+ Kg7 28. h4 Bf7 1-0

[Event "SF Brackel - SC Kreuzberg"]
[Site "Dittrichshuette"]
[Date "2004.12.28"]
[Round "3.2"]
[White "Heyden, Jonas"]
[Black "Baumgardt, Laurin"]
[Result "1/2-1/2"]
[WhiteElo "1849"]
[BlackElo "1774"]
[PlyCount "91"]
[EventDate "2004.??.??"]

1. e4 e6 2. d3 d5 3. Nd2 Nf6 4. Ngf3 c5 5. g3 Nc6 6. Bg2 Be7 7. O-O b5 8. Re1
O-O 9. e5 Nd7 10. Nf1 a5 11. c3 Ba6 12. h4 b4 13. Qe2 Nb6 14. Bg5 h6 15. Bd2
Rb8 16. Rab1 bxc3 17. bxc3 Qd7 18. N3h2 Kh8 19. Ng4 Rfc8 20. Qf3 Qe8 21. Ngh2
f6 22. exf6 Bxf6 23. Bh3 Ne5 24. Qg2 Rc6 25. Bf4 Nxd3 26. Bxb8 Nxe1 27. Rxe1
Qxb8 28. Qf3 e5 29. Qh5 Qf8 30. Ne3 Bd3 31. Bf5 Bxf5 32. Qxf5 d4 33. Neg4 Qc8
34. Qh5 Nc4 35. cxd4 cxd4 36. f4 Re6 37. Nxf6 gxf6 38. Qxh6+ Kg8 39. Qg6+ Kf8
40. f5 Rb6 41. Qh6+ Ke7 42. Qg7+ Kd8 43. Qg8+ Kd7 44. Qf7+ Kd8 45. Qg8+ Kd7 46.
Qf7+ 1/2-1/2

[Event "SF Brackel - SC Kreuzberg"]
[Site "Dittrichshuette"]
[Date "2004.12.28"]
[Round "3.3"]
[White "Krautschick, Clemens"]
[Black "Zeldin, Leonid"]
[Result "0-1"]
[WhiteElo "1521"]
[BlackElo "1817"]
[PlyCount "72"]
[EventDate "2004.??.??"]

1. e4 c5 2. Nf3 d6 3. d4 cxd4 4. Nxd4 Nf6 5. Nc3 g6 6. Be3 Bg7 7. f3 O-O 8. Bc4
Nc6 9. Qd2 Bd7 10. h4 Rc8 11. g4 Nxd4 12. Bxd4 Rxc4 13. e5 dxe5 14. Bxe5 Be6
15. O-O-O Qxd2+ 16. Rxd2 Nd7 17. Bxg7 Kxg7 18. h5 g5 19. Nd5 Ne5 20. h6+ Kh8
21. Rf1 Rd8 22. Nc3 Rxd2 23. Kxd2 Rd4+ 24. Ke3 Rd8 25. Ne4 Nc4+ 26. Ke2 f6 27.
b3 Nb6 28. Nc5 Bd5 29. c4 Nxc4 30. Nxb7 Bxb7 31. bxc4 Bc6 32. Rc1 Kg8 33. Ke3
Kf7 34. c5 Re8 35. f4 gxf4+ 36. Kxf4 e5+ {Notation nicht nachvollziehbar} 0-1